000 01600cam a22003974i 4500
003 PE-LiUPU
005 20250731184056.0
008 150623s1985 xxu rb 000 0 eng d
020 _a0465004318
035 _a(Sirsi) i9780465004317
040 _aPE-LiUPU
_bspa
_cPE-LiUPU
_erda
049 _aPRUA
082 0 4 _a892.4
_bA44
_221
100 1 _aAlter, Rober,
_eautor.
245 1 4 _aThe art of biblical poetry /
_cRobert Alter.
264 1 _aUSA :
_bBasic books,
_c1985.
300 _a228 páginas ;
_c20 centímetros
336 _atext
_2rdacontent
337 _aunmediated
_2rdamedia
338 _avolume
_2rdacarrier
504 _abibliografía.
505 0 _aThe dynamics of parallelism -- From line to story -- Structures of intensification -- Thurt and poetry in the book of Job -- Forms of faith in psalms -- Prophecy and poetry -- The poetry of wit -- The garden of metaphor -- The life of the tradition.
526 _aP145
526 _aP127
526 _aP97
526 _aP14
526 _aP07
630 0 4 _aBiblia.
_pA.T.
_xLenguaje y estilo.
650 1 4 _aPoesía hebrea bíblica
_xHistoria y crítica.
942 _2ddc
_cBOOK
949 _a892.4 A44
_wDEWEY
_c1
_i43774
_lCCODEBUL1
_mBUL
_r0
_sY
_tBOOK
_u2015-6-24
_xTEOLOGIA
_PP35
_0COMPRA
_o.STAFF. Colección General
994 _aC0
_bPEPRU
596 _a1
999 _a892.4 A44
_wDEWEY
_c20177
_i43774
_d20177
_e2018-1-26
_f2021-11-12
_g5
_lCCODEBUL1
_mBUL
_n1
_p18.00
_q1
_r0
_sY
_tBOOK
_u2015-6-24
_xTEOLOGIA
_PP35
_0COMPRA
_o.STAFF. Colección Teología
980 _81
_gALBERTO SANCHEZ Responsable de Automatización